000 00875nam a2200217Ia 4500
003 GCL
005 20240530102621.0
008 140319s9999 xx 000 0 ara d
040 _aGCL /
_cGCL
082 0 4 _a338.902
_bم ا
100 1 _aمحمد دويدار
245 1 0 _aاستراتيجية الاعتماد على الذات نحومنهجية جديدة للتطوير العربى من خلال التصنيع ابتداء من الحاجات الاجتماعية /
_cمحمد دويدار ، محمد نورالدين
260 _a[S.N] :
_bمنشاة المعارف
650 0 4 _aالعالم العربى
650 0 4 _aالاحوال الاقتصادية
650 0 4 _aالتنمية الاقتصادية
650 0 4 _aالموارد الاقتصادية
700 1 _aسلوى العنترى
700 1 _aمحمد نورالدين
942 _2ddc
_cBK
999 _c33444
_d33444